من وصايا الرسول / (رقم التسجيلة. 60027)

تفاصيل مارك
000 -LEADER
fixed length control field 00505nam a22001817a 4500
005 - DATE AND TIME OF LATEST TRANSACTION
control field 20251108171231.0
008 - FIXED-LENGTH DATA ELEMENTS--GENERAL INFORMATION
fixed length control field 250721s1981 xx 000 0 ara d
082 14 - DEWEY DECIMAL CLASSIFICATION NUMBER
Classification number م/216.1/من
245 10 - TITLE STATEMENT
Title من وصايا الرسول /
264 1# - PRODUCTION, PUBLICATION, DISTRIBUTION, MANUFACTURE, AND COPYRIGHT NOTICE
Place of production, publication, distribution, manufacture القاهرة :
Name of producer, publisher, distributor, manufacturer دار التراث العربي،
Date of production, publication, distribution, manufacture, or copyright notice 1981.
300 ## - PHYSICAL DESCRIPTION
Extent 20ج × 2مج
650 17 - SUBJECT ADDED ENTRY--TOPICAL TERM
Topical term or geographic name as entry element الإسلام
650 17 - SUBJECT ADDED ENTRY--TOPICAL TERM
Topical term or geographic name as entry element الفقه
650 17 - SUBJECT ADDED ENTRY--TOPICAL TERM
Topical term or geographic name as entry element السنة النبوية
650 17 - SUBJECT ADDED ENTRY--TOPICAL TERM
Topical term or geographic name as entry element أصول الدين
942 ## - ADDED ENTRY ELEMENTS (KOHA)
Source of classification or shelving scheme Dewey Decimal Classification
Koha item type مراجع
المقتنيات
حالة السحب حالة الفقدان مصدر التصنيف حالة التلف غير قابل للإعارة المكتبة الرئيسية المكتبة الحالية موقع الرف تاريخ التزويد الرقم المتسلسل Total Checkouts رقم الإستدعاء الباركود تاريخ آخر ظهور تاريخ الفاتورة نوع المادة (كوها)
    Dewey Decimal Classification Unchecked   مكتبة الجويدة مكتبة الجويدة الإعارة 28/07/2025 654779   م/216.1/من   28/07/2025 28/07/2025 مراجع
    Dewey Decimal Classification   Not For Loan مكتبة وادي السير العامة مكتبة وادي السير العامة مراجع 06/07/2004 11812   م/216.1/من 11812 28/07/2025 06/07/2004 مراجع
    Dewey Decimal Classification   Not For Loan مكتبة وادي السير العامة مكتبة وادي السير العامة مراجع 06/07/2004 1813   م/216.1/من DUP-02_1813 28/07/2025 06/07/2004 مراجع
Implemented & Customized by: BBB with SCIT (Smart Chains for Information Technology)

Powered by Koha